00350cam a22000977a 4500008004000000082001700040245010400057260005000161300000900211700003200220180718b1953 xxu||||| |||| 00| 0 eng d aK5x42 Un3d/6 aTraining of civil defence general , rescue and tactical instructorscby Home Office, United Kingdom aLondonbHer Majesty's Stationery Officec1953 a26p. aUnited Kingdom. Home Office